000 00499nam a22002051c 4500
001 a987687995
008 170801s1965 gw |||| 000u ger d
041 _ager
100 1 _aLaqueur, Walter
240 1 0 _aRussia and Germany
245 0 0 _aDeutschland und Russland
264 _aBerlin :
_bPropyläen Verlag,
_c1965
300 _a423 Seiten
650 0 _aAußenpolitik
651 0 _aSowjetunion
651 0 _aDeutschland
942 _cMG
040 _cRU-10907106
003 RU-10907106
999 _c27531
_d27531